| 000 | 00939nas a2200253 i 4500 | ||
|---|---|---|---|
| 001 | 1036 | ||
| 003 | ES-MaACL | ||
| 005 | 20250718150756.0 | ||
| 007 | t| | ||
| 008 | 950801d18341849sp | | 1 ||pa d | ||
| 080 | _a(054) | ||
| 245 | 0 | 0 | _aEco del comercio. |
| 260 |
_aMadrid : _bEco del Comercio, _c1834-1849 ( _fJuan Rebollo) |
||
| 300 |
_a23 v ; _c44 cm. |
||
| 310 | _aDiaria, excepto lunes desde 1844 | ||
| 362 | 0 | _aN. 1 (1 mayo 1934)-n. 3045 (31 ag. 1842); 2. época, n. 1 (1 sep. 1842)-n. 1711 (27 abr. 1848); 3. época, n. 1 (15 oct. 1849)-n. 53 (11 dic. 1849) | |
| 555 | _aÍndice de escritores en: Veinticuatro diarios, Madrid 1830-1900 (Madrid : CSIC, Instituto Miguel de Cervantes, 1968) | ||
| 580 | _aSe publica también una ed. para provincias. | ||
| 650 | 1 | 4 |
_aPeriódicos _915941 |
| 852 |
_aES-MaACL _jHEM-GF-53 |
||
| 866 | 0 | _o1836(1837f.ene.-5nov.)1838-47. | |
| 942 |
_2udc _cPERIODICO |
||
| 999 |
_c1036 _d1036 |
||